[Event "18th WCh U20 Girls"]
[Site "Yerevan ARM"]
[Date "2000.09.24"]
[Round "6"]
[White "Radziewicz, Iweta"]
[Black "Xu Yuanyuan"]
[Result "0-1"]
[WhiteElo "2379"]
[BlackElo "2396"]
[EventDate "2000.09.02"]
[PlyCount "96"]

1.e4 c6 2.d4 d5 3.e5 Bf5 4.Nf3 e6 5.a3 c5 6.c4 dxc4 7.Bxc4 Nc6 8.Be3 cxd4 
9.Nxd4 Nxd4 10.Bxd4 Ne7 11.Bb5+ Nc6 12.Bxc6+ bxc6 13.Nc3 Qa5 14.Qa4 Qxa4 
15.Nxa4 Bc2 16.Nc3 c5 17.Be3 Rb8 18.Kd2 Bf5 19.Na4 Be4 20.Rhc1 Bc6 21.Nxc5
Rxb2+ 22.Kc3 Rb5 23.Rab1 Bxc5 24.Rxb5 Bxe3 25.Rb8+ Ke7 26.Rxh8 Bxc1 27.
Rxh7 g6 28.Rh4 Bxa3 29.Rc4 Kd7 30.g4 Be7 31.Rf4 Ke8 32.Rc4 Bb5 33.Rc7 a5 
34.Kd4 Be2 35.Ra7 Bd8 36.Kc5 Bxg4 37.Kd6 Bf3 38.Ra6 Be7+ 39.Kc7 Bb4 40.Ra7
g5 41.Ra6 Ke7 42.Rd6 Bd5 43.Rd7+ Kf8 44.Rd8+ Kg7 45.Rb8 Bc3 46.Kd6 a4 47.
Rc8 Bb2 48.Rc7 a3 0-1

[Event "18th WCh U20 Girls"]
[Site "Yerevan ARM"]
[Date "2000.09.24"]
[Round "6"]
[White "Wang Yu"]
[Black "Javakhishvili, Lela"]
[Result "1/2-1/2"]
[WhiteElo "2401"]
[BlackElo "2301"]
[EventDate "2000.09.02"]
[PlyCount "56"]

1.e4 c5 2.Nf3 Nc6 3.d4 cxd4 4.Nxd4 Qc7 5.Nc3 e6 6.Be3 a6 7.Bd3 Nf6 8.O-O 
Ne5 9.h3 Bc5 10.Kh1 d6 11.f4 Ng6 12.f5 Ne5 13.Nce2 exf5 14.exf5 O-O 15.Bg5
Ned7 16.c3 b5 17.a4 bxa4 18.Qxa4 Bb7 19.Qc2 Rfe8 20.Rae1 h6 21.Bf4 Nd5 22.
Qd2 Nxf4 23.Qxf4 Nf6 24.Ng3 Re5 25.Nf3 Ree8 26.Ne4 Bxe4 27.Bxe4 Rab8 28.
Bd3 Rxe1 1/2-1/2

[Event "18th WCh U20 Girls"]
[Site "Yerevan ARM"]
[Date "2000.09.24"]
[Round "6"]
[White "Mohota, Nisha"]
[Black "Jackova, Jana"]
[Result "1-0"]
[WhiteElo "2275"]
[BlackElo "2358"]
[EventDate "2000.09.02"]
[PlyCount "91"]

1.d4 d5 2.c4 dxc4 3.e3 e6 4.Nf3 Nf6 5.Bxc4 c5 6.O-O a6 7.Bb3 Nc6 8.Nc3 b5 
9.Qe2 Qc7 10.Rd1 Be7 11.h3 O-O 12.dxc5 Bxc5 13.Bd2 Bb7 14.Rac1 Qb6 15.Be1 
Rac8 16.a3 h6 17.Ba2 Qa7 18.Bb1 Ne7 19.b4 Bb6 20.a4 bxa4 21.Nxa4 Ned5 22.
Ne5 Bc7 23.Nd3 Bb8 24.Ndc5 Rc6 25.Nxb7 Qxb7 26.Nc5 Qa7 27.Bd3 a5 28.Bb5 
Rcc8 29.Na6 axb4 30.Nxb4 Rxc1 31.Rxc1 Qa3 32.Nd3 Ne4 33.Qc2 Qd6 34.g3 Ng5 
35.h4 Nf3+ 36.Kf1 Nh2+ 37.Kg2 Ng4 38.Qc5 Qd8 39.e4 Bd6 40.Qd4 Be5 41.Qa4 
Ne7 42.Nxe5 Nxe5 43.Bb4 f6 44.Rd1 Qc7 45.Bd7 N5g6 46.h5 1-0

[Event "18th WCh U20 Girls"]
[Site "Yerevan ARM"]
[Date "2000.09.24"]
[Round "6"]
[White "Mkrtchian, Lilit"]
[Black "Zimina, Olga"]
[Result "1/2-1/2"]
[WhiteElo "2312"]
[BlackElo "2263"]
[EventDate "2000.09.02"]
[PlyCount "49"]

1.e4 c5 2.Nf3 Nc6 3.d4 cxd4 4.Nxd4 Nf6 5.Nc3 e5 6.Ndb5 d6 7.Bg5 a6 8.Na3 
Be6 9.Nc4 Rc8 10.Bxf6 Qxf6 11.Nb6 Rb8 12.Ncd5 Qd8 13.c3 Be7 14.Bc4 O-O 15.
O-O Bg5 16.a4 Kh8 17.Qe2 g6 18.Rad1 Bh6 19.b4 f5 20.exf5 gxf5 21.Qh5 Bg7 
22.Ne3 f4 23.Bxe6 fxe3 24.Nd7 Qe8 25.Qxe8 1/2-1/2

[Event "18th WCh U20 Girls"]
[Site "Yerevan ARM"]
[Date "2000.09.24"]
[Round "6"]
[White "Pahtz, Elisabeth"]
[Black "Plachkinova, Tatiana"]
[Result "1-0"]
[WhiteElo "2343"]
[BlackElo "2171"]
[EventDate "2000.09.02"]
[PlyCount "71"]

1.e4 c5 2.Nf3 Nc6 3.d4 cxd4 4.Nxd4 Nf6 5.Nc3 d6 6.Bg5 e6 7.Qd2 Be7 8.O-O-O
Nxd4 9.Qxd4 O-O 10.f3 a6 11.h4 b5 12.Kb1 Qa5 13.a3 Bb7 14.g4 Rac8 15.Bd2 
Qc7 16.g5 Nd7 17.Be3 d5 18.exd5 Bxd5 19.Bf4 Qc6 20.Nxd5 Qxc2+ 21.Ka2 exd5 
22.Rc1 Bc5 23.Qxd5 Qa4 24.Qe4 Qxe4 25.fxe4 Bd4 26.Bh3 Rxc1 27.Rxc1 Nb6 28.
Rd1 Bf2 29.h5 Re8 30.h6 a5 31.Be5 f6 32.gxf6 gxf6 33.Bxf6 Rxe4 34.Bg7 a4 
35.Rd8+ Kf7 36.Rf8+ 1-0

[Event "18th WCh U20 Girls"]
[Site "Yerevan ARM"]
[Date "2000.09.24"]
[Round "6"]
[White "Khukhashvili, Sopiko"]
[Black "Kaps, Darja"]
[Result "1/2-1/2"]
[WhiteElo "2272"]
[BlackElo "2180"]
[EventDate "2000.09.02"]
[PlyCount "35"]

1.e4 c6 2.d4 g6 3.Bd3 d5 4.exd5 cxd5 5.c3 Nc6 6.Bf4 Nf6 7.h3 Bf5 8.Nf3 e6 
9.O-O Rc8 10.Re1 a6 11.g4 Bxd3 12.Qxd3 Bg7 13.Nbd2 O-O 14.b4 Re8 15.Re2 h5
16.g5 Nd7 17.Rae1 Nb6 18.Nb3 1/2-1/2

[Event "18th WCh U20 Girls"]
[Site "Yerevan ARM"]
[Date "2000.09.24"]
[Round "6"]
[White "Batyte, Daiva"]
[Black "Calotescu, Ana-Cristina"]
[Result "0-1"]
[WhiteElo "2164"]
[BlackElo "2222"]
[EventDate "2000.09.02"]
[PlyCount "54"]

1.e4 c5 2.Nf3 d6 3.d4 Nf6 4.Nc3 cxd4 5.Nxd4 a6 6.Bc4 e6 7.Bb3 b5 8.Bg5 Be7
9.Bxf6 Bxf6 10.a4 b4 11.Nce2 Bb7 12.Qd3 Nd7 13.Qc4 Nc5 14.O-O Bxe4 15.Qxb4
Rb8 16.Qc3 Nxb3 17.cxb3 Qb6 18.Qe3 Bd5 19.a5 Qb7 20.Nf4 O-O 21.Nh5 Bxg2 
22.Nxe6 fxe6 23.Qxe6+ Kh8 24.Rfe1 Bd4 25.Re2 Qf3 26.Nf4 Rxf4 27.Qe8+ Rf8 
0-1

[Event "18th WCh U20 Girls"]
[Site "Yerevan ARM"]
[Date "2000.09.24"]
[Round "6"]
[White "Sorokina, Anastasia"]
[Black "Ionica, Iulia"]
[Result "1-0"]
[WhiteElo "2189"]
[BlackElo "2160"]
[EventDate "2000.09.02"]
[PlyCount "81"]

1.e4 c5 2.Nf3 e6 3.d4 cxd4 4.Nxd4 Nf6 5.Nc3 d6 6.Bc4 Be7 7.Bb3 Na6 8.O-O 
Nc5 9.Re1 a6 10.f4 O-O 11.Kh1 Qc7 12.e5 Ne8 13.Qh5 g6 14.Qh6 Nxb3 15.axb3 
f5 16.exd6 Qxd6 17.Nf3 Bf6 18.Be3 Bg7 19.Qh4 Nf6 20.Nb5 Qd7 21.c4 Ne4 22.
Rad1 Bf6 23.Qh6 Qe7 24.Nbd4 Bg7 25.Qh3 g5 26.fxg5 e5 27.Ne2 f4 28.Qh4 Bf5 
29.Bg1 Rad8 30.Rxd8 Rxd8 31.Nc3 Nxc3 32.bxc3 Qd6 33.c5 Qc7 34.g6 hxg6 35.
Nxe5 Rf8 36.Qxf4 Bc2 37.Qc4+ Kh7 38.Nf3 Rf5 39.Re8 Bf8 40.Rxf8 Rxf8 41.
Ng5+ 1-0

[Event "18th WCh U20 Girls"]
[Site "Yerevan ARM"]
[Date "2000.09.24"]
[Round "6"]
[White "Mosin, Cristina"]
[Black "Galoian, Lilit"]
[Result "0-1"]
[WhiteElo "2191"]
[BlackElo "2114"]
[EventDate "2000.09.02"]
[PlyCount "52"]

1.e4 c5 2.Nf3 Nc6 3.d4 cxd4 4.Nxd4 Nf6 5.Nc3 e6 6.Be3 Bb4 7.Bd3 d5 8.exd5 
Nxd5 9.Nxc6 bxc6 10.Bd2 Nxc3 11.bxc3 Bd6 12.Qf3 Qc7 13.g4 Bb7 14.Rb1 O-O 
15.g5 Rab8 16.Be4 Ba6 17.Rc1 f5 18.gxf6 Rxf6 19.Qh3 h6 20.f3 Bf4 21.Qg2 
Rd8 22.Rd1 Qd6 23.Rg1 Rd7 24.Bd3 Bxd3 25.Bxf4 Qxf4 26.cxd3 Qe3+ 0-1

[Event "18th WCh U20 Girls"]
[Site "Yerevan ARM"]
[Date "2000.09.24"]
[Round "6"]
[White "Gasparian, Mariana"]
[Black "Aginian, Nelly"]
[Result "1-0"]
[WhiteElo "2090"]
[BlackElo "2205"]
[EventDate "2000.09.02"]
[PlyCount "87"]

1.d4 Nf6 2.c4 g6 3.Nc3 d5 4.Nf3 Bg7 5.e3 O-O 6.Qb3 c6 7.Bd2 e6 8.Bd3 Nbd7 
9.O-O dxc4 10.Bxc4 c5 11.Rfd1 b6 12.d5 exd5 13.Nxd5 Ne4 14.Be1 Nd6 15.Bc3 
Bxc3 16.Qxc3 Nxc4 17.Qxc4 Nf6 18.e4 Be6 19.Ne5 Bxd5 20.exd5 Qd6 21.f4 Rfe8
22.Qa4 Re7 23.Rd2 Rc8 24.Qc4 Rce8 25.Rf1 Nh5 26.g3 f6 27.Ng4 f5 28.Ne5 Nf6
29.Qa4 Kg7 30.Nc6 Rd7 31.Ne5 Rde7 32.Nc4 Qd7 33.Qd1 Ng4 34.Qf3 Re4 35.Qc3+
Kg8 36.d6 b5 37.Na5 c4 38.Qb4 a6 39.Qc5 Ne3 40.Qc7 Rd8 41.Nc6 Nxf1 42.Nxd8
Qe8 43.d7 Qe7 44.Ne6 1-0

[Event "18th WCh U20 Girls"]
[Site "Yerevan ARM"]
[Date "2000.09.24"]
[Round "6"]
[White "Gvetadze, Sopio"]
[Black "Babataeva, Indira"]
[Result "1/2-1/2"]
[WhiteElo "2196"]
[BlackElo "2077"]
[EventDate "2000.09.02"]
[PlyCount "110"]

1.e4 c5 2.Nf3 g6 3.d4 Bg7 4.c4 Qb6 5.dxc5 Qxc5 6.Nc3 Bxc3+ 7.bxc3 Nc6 8.
Bd3 d6 9.O-O Nf6 10.Rb1 Qa5 11.Qc2 O-O 12.Nd4 Ne5 13.f4 Nxd3 14.Qxd3 Qxa2 
15.e5 Ne8 16.Be3 Qa5 17.Ra1 Qd8 18.Qe4 Ng7 19.Rfd1 a6 20.h3 Rb8 21.c5 Qc7 
22.cxd6 exd6 23.exd6 Qxd6 24.Qf3 Qf6 25.g4 Re8 26.Bf2 Bd7 27.Ra5 Ne6 28.
Nxe6 Qxe6 29.f5 Qc6 30.Rad5 Re5 31.Qf4 Rxd5 32.Qxb8+ Kg7 33.Bd4+ f6 34.Qd8
Kf7 35.Re1 Qd6 36.fxg6+ hxg6 37.Re3 Rb5 38.Rf3 Rb1+ 39.Kg2 Rb2+ 40.Bf2 Qe7
41.Qxe7+ Kxe7 42.Kg3 Bc6 43.Bc5+ Kf7 44.Re3 Rg2+ 45.Kh4 Kg7 46.c4 Rc2 47.
Bd4 Kf7 48.Bc3 Rg2 49.Bb4 Kg7 50.Bc5 Rc2 51.Bd4 Rxc4 52.Re7+ Kf8 53.Bxf6 
a5 54.Kg5 Be4 55.h4 Bf3 1/2-1/2

[Event "18th WCh U20 Girls"]
[Site "Yerevan ARM"]
[Date "2000.09.24"]
[Round "6"]
[White "Leclair, Marie"]
[Black "Horn, Emilia"]
[Result "0-1"]
[WhiteElo "2050"]
[BlackElo "2052"]
[EventDate "2000.09.02"]
[PlyCount "72"]

1.e4 e6 2.d4 d5 3.Nd2 dxe4 4.Nxe4 Bd7 5.Nf3 Bc6 6.Bd3 Bxe4 7.Bxe4 c6 8.O-O
Nf6 9.Bd3 Nbd7 10.c4 Be7 11.Bf4 O-O 12.Qc2 Re8 13.Rad1 g6 14.Rfe1 Bf8 15.
Qc1 Rc8 16.Ne5 Bg7 17.c5 Nd5 18.Bh6 Nxe5 19.dxe5 Qa5 20.a3 Bxh6 21.Qxh6 
Qxc5 22.h4 Qf8 23.Qg5 h6 24.Qg3 h5 25.Re4 Qh6 26.f4 Rcd8 27.Qf2 a6 28.g3 
Qf8 29.Qc2 Ne7 30.Rb4 Rd7 31.Qb3 b5 32.Re4 Red8 33.a4 Nf5 34.Kg2 Qc5 35.
Bc2 Rd2+ 36.Kh3 Qf2 0-1

[Event "18th WCh U20 Girls"]
[Site "Yerevan ARM"]
[Date "2000.09.24"]
[Round "6"]
[White "Minnaar, Michelle"]
[Black "Dvorakova, Magdalena"]
[Result "1-0"]
[WhiteElo "2062"]
[BlackElo "2026"]
[EventDate "2000.09.02"]
[PlyCount "45"]

1.d4 d5 2.Nf3 Nf6 3.Bg5 Ne4 4.Bh4 Bf5 5.Nbd2 c6 6.c3 Nd7 7.e3 Ndf6 8.Ne5 
e6 9.f3 Nd6 10.Bd3 Bxd3 11.Nxd3 Be7 12.Qe2 Nd7 13.Bxe7 Qxe7 14.e4 dxe4 15.
fxe4 O-O-O 16.O-O h5 17.a4 Nb8 18.b4 Kd7 19.Ne5+ Ke8 20.Ndc4 Rf8 21.Nxd6+ 
Rxd6 22.Qxh5 Nd7 23.Nc4 1-0

[Event "18th WCh U20 Girls"]
[Site "Yerevan ARM"]
[Date "2000.09.25"]
[Round "7"]
[White "Javakhishvili, Lela"]
[Black "Radziewicz, Iweta"]
[Result "1/2-1/2"]
[WhiteElo "2301"]
[BlackElo "2379"]
[EventDate "2000.09.02"]
[PlyCount "214"]

1.d4 g6 2.c4 Bg7 3.Nc3 c5 4.d5 Bxc3+ 5.bxc3 f5 6.h4 Nf6 7.h5 Rg8 8.hxg6 
hxg6 9.Nf3 Qa5 10.Bd2 d6 11.Ng5 Nbd7 12.f4 Ne4 13.Nxe4 fxe4 14.e3 Nf6 15.
Be2 Bd7 16.g4 O-O-O 17.g5 Rh8 18.Kf2 Nh5 19.Qc2 Bf5 20.Qb3 e5 21.dxe6 Bxe6
22.Rag1 Qc7 23.Rh4 Kb8 24.a4 Qf7 25.Rgh1 d5 26.cxd5 Bxd5 27.c4 Bxc4 28.
Qxc4 Qxc4 29.Bxc4 Rxd2+ 30.Be2 Rhd8 31.Rxh5 gxh5 32.g6 c4 33.Rxh5 c3 34.
Rh1 Rg8 35.f5 b5 36.axb5 Rd5 37.Bg4 Rxb5 38.Kg3 Rc5 39.Kf4 a5 40.Kg5 c2 
41.Rc1 Kc7 42.Kh6 Kd6 43.f6 Rh8+ 44.Kg7 Rb8 45.Kh7 Rg5 46.g7 Rb7 47.Be2 
Rf7 48.Rxc2 Rg3 49.Bc4 Rxf6 50.g8=Q Rxg8 51.Bxg8 Rf3 52.Rc3 Rg3 53.Bf7 Ke5
54.Bg6 a4 55.Kg7 Ke6 56.Ra3 Ke7 57.Kh7 Rh3+ 58.Kg8 Rg3 59.Kg7 Ke6 60.Rc3 
Ke7 61.Ra3 Ke6 62.Rxa4 Rxe3 63.Bxe4 Rc3 64.Ra5 Rc1 65.Kg6 Rg1+ 66.Kh5 Rg3 
67.Kh4 Rg1 68.Bf3 Kd6 69.Bg4 Rc1 70.Kg3 Rc4 71.Bf3 Rc5 72.Ra1 Rc4 73.Re1 
Rb4 74.Be4 Ke5 75.Kf3 Rb3+ 76.Kg4 Kd4 77.Kf4 Rh3 78.Rd1+ Kc5 79.Ke5 Rh5+ 
80.Bf5 Rh4 81.Rd8 Rh6 82.Rd5+ Kc4 83.Rd1 Rh8 84.Rc1+ Kb4 85.Kd4 Rd8+ 86.
Ke3 Rh8 87.Be4 Rd8 88.Kf4 Rh8 89.Ke5 Rd8 90.Bd5 Kb5 91.Kd4 Kb6 92.Rb1+ Kc7
93.Kc5 Rd7 94.Bc6 Rd2 95.Rb7+ Kd8 96.Rh7 Rd3 97.Bd5 Ke8 98.Kd6 Kf8 99.Rf7+
Ke8 100.Ra7 Kf8 101.Ke6 Rd2 102.Be4 Rb2 103.Rc7 Rb6+ 104.Bc6 Rb2 105.Kf6 
Rf2+ 106.Kg6 Rf4 107.Bd5 Ke8 1/2-1/2

[Event "18th WCh U20 Girls"]
[Site "Yerevan ARM"]
[Date "2000.09.25"]
[Round "7"]
[White "Xu Yuanyuan"]
[Black "Mohota, Nisha"]
[Result "1-0"]
[WhiteElo "2396"]
[BlackElo "2275"]
[EventDate "2000.09.02"]
[PlyCount "59"]

1.d4 d5 2.c4 Bf5 3.Qb3 e5 4.dxe5 Nc6 5.cxd5 Bb4+ 6.Nd2 Nd4 7.Qc4 Nc2+ 8.
Kd1 Nxa1 9.e4 Bxd2 10.Bxd2 Bd7 11.f4 c6 12.e6 fxe6 13.dxe6 Nf6 14.Nf3 b5 
15.exd7+ Qxd7 16.Qc5 Nxe4 17.Qe3 O-O-O 18.Qxe4 Rhe8 19.Qb1 Qe6 20.Bd3 Qd5 
21.Re1 Rf8 22.Be4 Qd6 23.Qxa1 Rxf4 24.Qc1 c5 25.Qc3 b4 26.Qxg7 Rd7 27.Qe5 
Qf8 28.Kc1 Rf6 29.Bd5 Qd6 30.Be6 1-0

[Event "18th WCh U20 Girls"]
[Site "Yerevan ARM"]
[Date "2000.09.25"]
[Round "7"]
[White "Zimina, Olga"]
[Black "Wang Yu"]
[Result "1/2-1/2"]
[WhiteElo "2263"]
[BlackElo "2401"]
[EventDate "2000.09.02"]
[PlyCount "154"]

1.e4 e5 2.Nf3 Nc6 3.Bc4 Nf6 4.d3 Be7 5.O-O O-O 6.Re1 d6 7.c3 Na5 8.Bb5 a6 
9.Ba4 b5 10.Bc2 c5 11.Nbd2 Nc6 12.Nf1 Re8 13.h3 h6 14.Ng3 Be6 15.d4 cxd4 
16.cxd4 exd4 17.Nxd4 Nxd4 18.Qxd4 Qc7 19.Bd1 Rac8 20.Bf4 Qc5 21.Qd2 Nd7 
22.Be3 Qc7 23.Bd4 Ne5 24.b3 Bf8 25.Re3 Nc6 26.Bb2 d5 27.exd5 Rcd8 28.Bf3 
Nb4 29.Rae1 Nxd5 30.Bxd5 Rxd5 31.Qxd5 Bxd5 32.Rxe8 Bc6 33.Ba3 Bxe8 34.Rxe8
Qd7 35.Rxf8+ Kh7 36.Bc5 h5 37.b4 Qd5 38.a3 a5 39.Rb8 h4 40.Nf1 Qc4 41.Re8 
Qc1 42.Re3 a4 43.g3 hxg3 44.Rxg3 Qb1 45.Re3 f5 46.Re7 Qd3 47.Re3 Qb1 48.
Bd4 Qd1 49.Be5 g5 50.Rc3 f4 51.Bc7 Kg6 52.Bb6 Qd6 53.Bc5 Qe5 54.Rd3 Qf5 
55.Rd6+ Kf7 56.Kh2 g4 57.hxg4 Qxg4 58.Rh6 Qd1 59.Kg1 Qg4+ 60.Kh2 Qd1 61.
Kg1 Qd3 62.Nh2 Qxa3 63.Ng4 Qa1+ 64.Kg2 a3 65.Rf6+ Ke8 66.Re6+ Kd8 67.Rd6+ 
Kc8 68.Rc6+ Kb7 69.Rb6+ Kc7 70.Nf6 Qe5 71.Ra6 a2 72.Ra7+ Kc8 73.Ra8+ Kb7 
74.Ra7+ Kc8 75.Ra8+ Kb7 76.Ra7+ Kc8 77.Ra8+ Kb7 1/2-1/2

[Event "18th WCh U20 Girls"]
[Site "Yerevan ARM"]
[Date "2000.09.25"]
[Round "7"]
[White "Calotescu, Ana-Cristina"]
[Black "Ramaswamy, Aarthie"]
[Result "1/2-1/2"]
[WhiteElo "2222"]
[BlackElo "2319"]
[EventDate "2000.09.02"]
[PlyCount "91"]

1.d4 Nf6 2.Nf3 g6 3.c4 Bg7 4.Nc3 O-O 5.e4 d6 6.Be2 e5 7.O-O Nc6 8.d5 Ne7 
9.Ne1 Nd7 10.Nd3 f5 11.Bd2 Nf6 12.f3 f4 13.c5 g5 14.cxd6 cxd6 15.Nf2 Rf7 
16.a4 Bf8 17.Nb5 Kh8 18.Qc2 Ne8 19.Rfc1 Ng8 20.a5 Ngf6 21.Ra3 h5 22.Nxa7 
Bd7 23.Nb5 g4 24.Nc7 Rc8 25.Rc3 g3 26.Nd3 Nxd5 27.Nxd5 Qh4 28.hxg3 fxg3 
29.Be3 Bh6 30.f4 exf4 31.Bd4+ Bg7 32.Bxg7+ Kxg7 33.Bf3 Bg4 34.N3xf4 Qh2+ 
35.Kf1 Bxf3 36.gxf3 Rxc3 37.Qxc3+ Kh7 38.Qe3 h4 39.Re1 Nc7 40.b4 h3 41.Qg1
Nxd5 42.exd5 g2+ 43.Nxg2 Qg3 44.Nh4 Qxh4 45.Qf2 Qh5 46.Kg1 1/2-1/2

[Event "18th WCh U20 Girls"]
[Site "Yerevan ARM"]
[Date "2000.09.25"]
[Round "7"]
[White "Ionica, Iulia"]
[Black "Pina Vega, Sulennis"]
[Result "0-1"]
[WhiteElo "2160"]
[BlackElo "2312"]
[EventDate "2000.09.02"]
[PlyCount "98"]

1.e4 c5 2.Nf3 d6 3.d4 cxd4 4.Nxd4 Nf6 5.Nc3 Nc6 6.Bc4 e6 7.O-O a6 8.Bb3 
Be7 9.Be3 O-O 10.f4 Na5 11.Qf3 Qc7 12.g4 Nxb3 13.axb3 e5 14.Nf5 Bxf5 15.
gxf5 d5 16.Nxd5 Nxd5 17.exd5 exf4 18.Bd4 Qxc2 19.Qxf4 Rfd8 20.Rf2 Qxb3 21.
Bxg7 Bc5 22.Bd4 Bxd4 23.Qg4+ Kf8 24.Qxd4 Qxd5 25.Qb4+ Rd6 26.Raf1 Re8 27.
Rf4 Re2 28.Rg4 h5 29.Rg3 Qd4+ 30.Qxd4 Rxd4 31.f6 Rxb2 32.Rc1 Ke8 33.Re3+ 
Kd8 34.Re7 Rd7 35.Re5 Rd6 36.Rxh5 Rxf6 37.Rd5+ Ke7 38.h4 Ke6 39.Rdc5 Rf5 
40.R5c4 Kf6 41.Rg4 a5 42.Re1 Rb4 43.Rxb4 axb4 44.Kg2 b3 45.Rb1 Rb5 46.Rb2 
Kg6 47.Kh2 Kh5 48.Kh3 Rb4 49.Kg3 f5 0-1

[Event "18th WCh U20 Girls"]
[Site "Yerevan ARM"]
[Date "2000.09.25"]
[Round "7"]
[White "Galoian, Lilit"]
[Black "Mkrtchian, Lilit"]
[Result "1/2-1/2"]
[WhiteElo "2114"]
[BlackElo "2312"]
[EventDate "2000.09.02"]
[PlyCount "40"]

1.d4 d5 2.c4 e6 3.Nc3 Be7 4.Nf3 Nf6 5.Bg5 h6 6.Bh4 O-O 7.e3 b6 8.Rc1 Bb7 
9.Bd3 Nbd7 10.O-O c5 11.Qe2 a6 12.a4 dxc4 13.Bxc4 cxd4 14.exd4 Re8 15.Rfe1
Nf8 16.Rcd1 Nd5 17.Bxe7 Rxe7 18.Nxd5 Bxd5 19.Bxd5 Qxd5 20.Rc1 Ng6 1/2-1/2

[Event "18th WCh U20 Girls"]
[Site "Yerevan ARM"]
[Date "2000.09.25"]
[Round "7"]
[White "Babataeva, Indira"]
[Black "Pahtz, Elisabeth"]
[Result "0-1"]
[WhiteElo "2077"]
[BlackElo "2343"]
[EventDate "2000.09.02"]
[PlyCount "92"]

1.e4 g6 2.d4 Bg7 3.Nc3 d6 4.Nge2 a6 5.g3 b5 6.a3 Bb7 7.Bg2 Nd7 8.O-O c5 9.
d5 Ngf6 10.h3 O-O 11.Bg5 Qc7 12.Qd2 Rfe8 13.Rad1 Rad8 14.f4 Nb6 15.b3 b4 
16.Nb1 a5 17.c4 a4 18.Qc2 Ba6 19.Rc1 axb3 20.Qxb3 Rb8 21.Nd2 Nbd7 22.Kh1 
h6 23.Bh4 Nh7 24.g4 Qa5 25.a4 Nb6 26.e5 Qxa4 27.Qd3 b3 28.e6 b2 29.exf7+ 
Kxf7 30.Rb1 Bxc4 31.Qe3 Bxd5 32.f5 Bxg2+ 33.Kxg2 Qc6+ 34.Kg1 g5 35.Qe6+ 
Kf8 36.Nf3 Qd5 37.Qg6 Kg8 38.Bxg5 hxg5 39.Nxg5 Nxg5 40.Qxg5 Qe5 41.Nf4 Nd5
42.Nh5 Qe3+ 43.Qxe3 Nxe3 44.Rf3 Nc4 45.Rd3 Bd4+ 46.Kh1 Ra8 0-1

[Event "18th WCh U20 Girls"]
[Site "Yerevan ARM"]
[Date "2000.09.25"]
[Round "7"]
[White "Aginian, Nelly"]
[Black "Gvetadze, Sopio"]
[Result "1/2-1/2"]
[WhiteElo "2205"]
[BlackElo "2196"]
[EventDate "2000.09.02"]
[PlyCount "257"]

1.e4 c5 2.Nf3 Nc6 3.d4 cxd4 4.Nxd4 Nf6 5.Nc3 d6 6.f4 e6 7.Be3 a6 8.Qf3 Qc7
9.Bd3 Nb4 10.O-O-O b5 11.Kb1 Bb7 12.g4 Rc8 13.Rc1 Nd7 14.g5 Nc5 15.Bf2 Qa5
16.a3 Nbxd3 17.cxd3 b4 18.axb4 Qxb4 19.Nc2 Qb3 20.Na1 Qb6 21.Na4 Qa5 22.
Nxc5 dxc5 23.Rc4 Be7 24.h4 O-O 25.Rhc1 Qb5 26.Qe2 a5 27.Nc2 Ba6 28.Na3 Qb8
29.R4c3 Qxf4 30.Bxc5 Bxc5 31.Rxc5 Rxc5 32.Rxc5 Qxh4 33.Rc6 Bb7 34.Rc7 Ba8 
35.Qe3 Qg4 36.Rc1 a4 37.Nc4 e5 38.Nxe5 Qe6 39.Nc4 Bc6 40.Qc5 Bd7 41.Qd4 
Bb5 42.Na3 Qb3 43.Rc3 Qd1+ 44.Ka2 Ba6 45.Qd6 Bc8 46.d4 Qg4 47.Qe7 Qe6+ 48.
Qxe6 fxe6 49.Nc4 Rd8 50.Na5 Ba6 51.Nc6 Rd6 52.Ka3 Bb5 53.Ne5 Be8 54.Rc4 
Kf8 55.Rb4 h6 56.gxh6 gxh6 57.b3 axb3 58.Kxb3 h5 59.Kc3 Kg7 60.Kd3 Ra6 61.
Ke3 Kf6 62.Rb8 Ke7 63.Kf4 Ra1 64.Rb7+ Kd8 65.Kg5 Re1 66.Kf6 Rxe4 67.Rb8+ 
Kc7 68.Rxe8 Rxd4 69.Kxe6 Rd1 70.Rh8 Rh1 71.Ng6 Re1+ 72.Kf5 Rh1 73.Kg5 Kd6 
74.Re8 Kd7 75.Re3 Kd6 76.Nh4 Kd5 77.Kxh5 Rg1 78.Ng6 Kd4 79.Re8 Kd5 80.Kh6 
Kd6 81.Kg7 Kd7 82.Re4 Kd6 83.Kf6 Kd5 84.Re5+ Kd4 85.Nf4 Ra1 86.Kf5 Ra8 87.
Ne6+ Kd3 88.Kf4 Ra1 89.Rd5+ Kc4 90.Rd4+ Kc3 91.Re4 Kd3 92.Nc5+ Kc3 93.Ke5 
Ra8 94.Kf4 Ra1 95.Kf3 Rf1+ 96.Ke2 Rh1 97.Nd3 Rh2+ 98.Nf2 Rh8 99.Nd1+ Kb3 
100.Rd4 Rh2+ 101.Kd3 Rh3+ 102.Ne3 Rh8 103.Rd5 Rb8 104.Nc4 Rh8 105.Na5+ Ka4
106.Nc6 Rh3+ 107.Kc4 Rh4+ 108.Nd4 Ka3 109.Rb5 Ka2 110.Rb4 Ka3 111.Rb3+ Ka2
112.Rd3 Rh8 113.Rd2+ Kb1 114.Nb5 Kc1 115.Rd5 Rc8+ 116.Kb3 Rb8 117.Kc3 Rc8+
118.Kd3 Kb2 119.Nd4 Rb8 120.Nc6 Rh8 121.Rb5+ Ka3 122.Kc3 Rh3+ 123.Kc4 Rh4+
124.Nd4 Ka2 125.Rb4 Ka3 126.Rb3+ Ka2 127.Rd3 Rh8 128.Rd2+ Kb1 129.Nb3 
1/2-1/2

[Event "18th WCh U20 Girls"]
[Site "Yerevan ARM"]
[Date "2000.09.25"]
[Round "7"]
[White "Kaps, Darja"]
[Black "Sorokina, Anastasia"]
[Result "1/2-1/2"]
[WhiteElo "2180"]
[BlackElo "2189"]
[EventDate "2000.09.02"]
[PlyCount "83"]

1.e4 c5 2.Nf3 e6 3.d4 cxd4 4.Nxd4 Nf6 5.Nc3 Nc6 6.Ndb5 d6 7.Bf4 e5 8.Bg5 
a6 9.Na3 b5 10.Nd5 Be7 11.Bxf6 Bxf6 12.c3 O-O 13.Nc2 Rb8 14.h4 Be7 15.g3 
Be6 16.Nce3 Qd7 17.Qd2 Bd8 18.Rd1 a5 19.Bg2 b4 20.O-O Kh8 21.Nf5 Ne7 22.
Nfxe7 Bxe7 23.c4 Bxd5 24.exd5 Qc7 25.b3 f5 26.Rfe1 Bf6 27.Qe3 Rbe8 28.Bh3 
g6 29.h5 Kg7 30.Kg2 Qc5 31.g4 Bh4 32.gxf5 Qxe3 33.Rxe3 gxf5 34.Rf3 Re7 35.
Bxf5 Kh6 36.Rh1 Bg5 37.Be6 Bf4 38.Kf1 Rg7 39.Ke2 e4 40.Rfh3 Rg2 41.Kf1 Rg5
42.Rg1 1/2-1/2

[Event "18th WCh U20 Girls"]
[Site "Yerevan ARM"]
[Date "2000.09.25"]
[Round "7"]
[White "Dvorakova, Magdalena"]
[Black "Batyte, Daiva"]
[Result "0-1"]
[WhiteElo "2026"]
[BlackElo "2164"]
[EventDate "2000.09.02"]
[PlyCount "64"]

1.e4 e6 2.d4 d5 3.Nc3 Nf6 4.Bg5 Be7 5.e5 Nfd7 6.Bxe7 Qxe7 7.f4 a6 8.Nf3 c5
9.Qd2 Nc6 10.dxc5 Nxc5 11.O-O-O b5 12.Ne2 Ne4 13.Qe3 Bb7 14.Ned4 Qc5 15.
Bd3 Rc8 16.Kb1 O-O 17.Rhe1 Na5 18.Nb3 Qc7 19.Nxa5 Qxa5 20.Nd2 Qa4 21.g3 d4
22.Qe2 Nc3+ 23.bxc3 dxc3 24.Ka1 cxd2 25.Qxd2 Bd5 26.c3 Rxc3 27.Bb1 Rfc8 
28.Rc1 b4 29.f5 Qa3 30.Rxc3 bxc3 31.Qc2 Rb8 32.fxe6 Qb2+ 0-1

[Event "18th WCh U20 Girls"]
[Site "Yerevan ARM"]
[Date "2000.09.25"]
[Round "7"]
[White "Horn, Emilia"]
[Black "Minnaar, Michelle"]
[Result "0-1"]
[WhiteElo "2052"]
[BlackElo "2062"]
[EventDate "2000.09.02"]
[PlyCount "86"]

1.e4 d5 2.exd5 Nf6 3.d4 Bg4 4.Be2 Bxe2 5.Nxe2 Qxd5 6.O-O Nc6 7.Nbc3 Qh5 8.
Ng3 Qxd1 9.Rxd1 O-O-O 10.Be3 e6 11.f3 Nd5 12.Nxd5 exd5 13.c3 Be7 14.Re1 
Rhe8 15.Re2 Bd6 16.Rae1 Bxg3 17.hxg3 Re6 18.Kf2 Rde8 19.g4 h6 20.g5 h5 21.
b3 Kd7 22.c4 Nb4 23.Rd2 c6 24.a3 Na6 25.Rde2 Nc7 26.Rg1 dxc4 27.bxc4 b5 
28.c5 Nd5 29.Rge1 Rxe3 30.Rxe3 Rxe3 31.Rxe3 Nxe3 32.Kxe3 Ke6 33.Ke4 a5 34.
f4 g6 35.g3 b4 36.axb4 axb4 37.d5+ cxd5+ 38.Kd4 Kd7 39.Kd3 Kc7 40.Ke3 b3 
41.Kd3 d4 42.Kd2 Kc6 43.Kc1 Kxc5 0-1

[Event "18th WCh U20 Girls"]
[Site "Yerevan ARM"]
[Date "2000.09.26"]
[Round "8"]
[White "Javakhishvili, Lela"]
[Black "Xu Yuanyuan"]
[Result "1-0"]
[WhiteElo "2301"]
[BlackElo "2396"]
[EventDate "2000.09.02"]
[PlyCount "127"]

1.d4 d5 2.c4 c6 3.Nf3 Nf6 4.Qc2 g6 5.Bf4 Bg7 6.e3 Bf5 7.Qb3 Qb6 8.Nbd2 
Nbd7 9.h3 O-O 10.c5 Qxb3 11.axb3 h6 12.b4 g5 13.Bh2 a6 14.Nb3 Ne4 15.Na5 
Ra7 16.Bc7 Bf6 17.g4 Be6 18.Bd3 Rc8 19.Bh2 Bg7 20.Ke2 Nf8 21.Ne1 Ng6 22.f3
Nf6 23.Ng2 Ne8 24.Bg3 Bd7 25.h4 Nf8 26.hxg5 hxg5 27.Rh5 f6 28.Bf5 e6 29.
Bd3 Nc7 30.Kd2 Be8 31.Rhh1 Bg6 32.f4 Bxd3 33.Kxd3 gxf4 34.Nxf4 Re8 35.Nh5 
Re7 36.Raf1 Ne8 37.Bh4 Nh7 38.Rhg1 Ng5 39.Bxg5 fxg5 40.Rf3 Ra8 41.Rh1 Rd8 
42.Rh2 Rdd7 43.Rhf2 Bh6 44.Nf6+ Nxf6 45.Rxf6 Kg7 46.Nb3 Rd8 47.Nd2 Rg8 48.
e4 Kh7 49.Nf3 Rg6 50.e5 Rc7 51.Kc3 Kg7 52.Nd2 Rxf6 53.Rxf6 Re7 54.Kb3 Kh7 
55.Nf3 Kg7 56.Ka4 Kh7 57.Ka5 Kg7 58.Kb6 Kh7 59.Ka7 Kg7 60.Kb8 Kh7 61.Kc8 
Kg7 62.Kd8 Rf7 63.Rxf7+ Kxf7 64.Kd7 1-0

[Event "18th WCh U20 Girls"]
[Site "Yerevan ARM"]
[Date "2000.09.26"]
[Round "8"]
[White "Mkrtchian, Lilit"]
[Black "Jackova, Jana"]
[Result "1/2-1/2"]
[WhiteElo "2312"]
[BlackElo "2358"]
[EventDate "2000.09.02"]
[PlyCount "104"]

1.d4 d5 2.c4 dxc4 3.e3 e6 4.Bxc4 Nf6 5.Nf3 c5 6.O-O a6 7.Bb3 Nc6 8.Qe2 Qc7
9.e4 cxd4 10.e5 Nd7 11.Bf4 Nc5 12.Nbd2 f5 13.Rac1 Be7 14.Nc4 O-O 15.Rfd1 
Ne4 16.Nxd4 Nxd4 17.Rxd4 Bc5 18.Nd6 Qb6 19.Rdc4 Bxf2+ 20.Kh1 Bd7 21.Rc7 
Bd4 22.Nxe4 fxe4 23.Rxd7 Rxf4 24.Rd6 Qb4 25.Bxe6+ Kh8 26.Bc8 Rf8 27.Bxb7 
Bxe5 28.Rd7 Rae8 29.b3 e3 30.g3 Qb6 31.Bf3 Qe6 32.Rd3 Bb8 33.Bd5 Qh6 34.
Rc6 Rf2 35.Rxh6 Rxe2 36.Re6 Rf8 37.Bf3 Re1+ 38.Kg2 Ba7 39.Re7 Bc5 40.Re5 
Bb6 41.Re6 Bc5 42.Re5 Rc1 43.Rdd5 Bb6 44.Re6 h6 45.Rxb6 Rc2+ 46.Kh3 Rxf3 
47.Rxa6 Rff2 48.Re6 Rxh2+ 49.Kg4 Rhd2 50.Rde5 e2 51.a4 Rb2 52.Re3 e1=Q 
1/2-1/2